| 000 | 00000nam##2200000za#4500 |
| 001 | 9.609360 |
| 003 | CaOODSP |
| 005 | 20200401040531 |
| 007 | ta |
| 008 | 150406|1990||||xxc||||| f|0| 0 eng|d |
| 022 | |a0706-6457 |
| 040 | |aCaOODSP|beng |
| 043 | |an-cn--- |
| 086 | 1 |aFs97-6/1763E |
| 110 | 1 |aCanada. |bDepartment of Fisheries and Oceans. |
| 245 | 10|aAcetylcholinesterase enzyme activity in brain tissue of brook trout (Salvelinus fontinalis) collected after the 1988 hemlock looper control program in Newfoundland / |cby L. L. Fancey et al. |
| 260 | |aOttawa - Ontario : |bFisheries and Oceans Canada |c1990. |
| 300 | |a11p. : |bfigs., references, tables ; |c28 cm. |
| 490 | 1 |aCanadian technical report of fisheries and aquatic sciences|x0706-6457|v1763 |
| 500 | |aPrepared in the Science Branch, Department of Fisheries and Oceans, P.O. Box 5667, St. John's, Newfoundland A1C 5X1. |
| 546 | |aRésumés en français |
| 563 | |aSoftcover |
| 720 | 1 |aFancey, L. L. |
| 776 | 0#|tAcetylcolinesterase enzyme activity in brain tissue of brook trout (Salvelinus fontinalis) collected after the 1988 hemlock looper control program in Newfoundland / |w(CaOODSP)9.573754 |
| 830 | #0|aCanadian technical report of fisheries and aquatic sciences,|x0706-6457|v1763|w(CaOODSP)9.514691 |